Τα Παιδιά της Ιντιφάντα (Record no. 1920)
[ view plain ]
| 000 -LEADER | |
|---|---|
| fixed length control field | 01737cam a22001814a 4500 |
| 005 - ΗΜΕΡΟΜΗΝΙΑ ΚΑΙ ΩΡΑ ΤΕΛΕΥΤΑΙΑΣ ΕΝΗΜΕΡΩΣΗΣ | |
| Πεδίο ελέγχου | 20250605163312.0 |
| 008 - FIXED-LENGTH DATA ELEMENTS--GENERAL INFORMATION | |
| Πεδίο ελέγχου σταθερού μήκους | 250528s ||||||||||||||||||||||||d |
| 035 ## - SYSTEM CONTROL NUMBER | |
| System control number | 16419 |
| 040 ## - ΠΗΓΗ ΚΑΤΑΛΟΓΟΓΡΑΦΗΣΗΣ | |
| Φορέας πρωτότυπης καταλογογράφησης | MC Athens Campus Library |
| Γλώσσα καταλογογράφησης | Ελληνικά, Μοντέρνα (1453-) |
| Modifying agency | MC Athens Campus Library |
| Κανόνες περιγραφικής καταλογογράφησης | AACR2 |
| 245 1# - ΤΙΤΛΟΣ ΚΑΙ ΔΗΛΩΣΗ ΥΠΕΥΘΥΝΟΤΗΤΑΣ | |
| Τίτλος | Τα Παιδιά της Ιντιφάντα |
| 260 ## - PUBLICATION, DISTRIBUTION, ETC. | |
| Name of publisher, distributor, etc. | Ε.Ε.Δ.Δ.Α |
| -- | Ελληνική Επιτροπή Διεθνούς Δημοκρατικής Αλληλεγγύη, |
| Date of publication, distribution, etc. | 1991 |
| 300 ## - PHYSICAL DESCRIPTION | |
| Extent | 50 |
| 505 0# - FORMATTED CONTENTS NOTE | |
| Formatted contents note | Παλαιστίνιοι - Ένας Λαός Καταδιωγμένος, Ιντιφάντα Σημαίνει Εξέργεση, Η Λένα Συζητάει με τον Καρίμ, Με Λένε Ιμπραήμ, Μαρτυρία της Μπαχάρ, Μαρτυρία του Νούρη, Οδοιπορικό Πόνου, Στους Μικρούς Παλαιστίνιους Μικρούς, Παλαιστίνη, ΟΑΠ, Η Εκπαίδευση στην Παλαιστίνη, Λαϊκός Πολιτισμός: Οι Παραδοσιακές Ενδυμασίες, Θρησκεία, Γλώσσα, Παιχνίδια. |
| 520 ## - SUMMARY, ETC. | |
| Summary, etc. | Παλαιστίνιοι - Ένας Λαός Καταδιωγμένος, Ιντιφάντα Σημαίνει Εξέργεση, Η Λένα Συζητάει με τον Καρίμ, Με Λένε Ιμπραήμ, Μαρτυρία της Μπαχάρ, Μαρτυρία του Νούρη, Οδοιπορικό Πόνου, Στους Μικρούς Παλαιστίνιους Μικρούς, Παλαιστίνη, ΟΑΠ, Η Εκπαίδευση στην Παλαιστίνη, Λαϊκός Πολιτισμός: Οι Παραδοσιακές Ενδυμασίες, Θρησκεία, Γλώσσα, Παιχνίδια. |
| 942 ## - ADDED ENTRY ELEMENTS (KOHA) | |
| Koha item type | Books |
| Τύπος τεκμηρίου | Βιβλιοθήκη | Τρέχουσα τοποθεσία | Barcode | Αριθμός εισαγωγής | Ημερομηνία απόκτησης | Ταξιθετικό σύμβολο | Αριθμός αντιτύπου | Κατάσταση απόσυρσης | Κατάσταση χαμένου | Κατάσταση κατεστραμμένου | Μη δανεισμός | Σύνολο δανεισμών | Ημερομηνία τελευταίας εμφάνισης | Η τιμή ισχύει από |
|---|---|---|---|---|---|---|---|---|---|---|---|---|---|---|
| Books | MC Athens Campus Library | MC Athens Campus Library | 9780000019196 | 4123 | 05/06/2025 | 956.04 INT | 1 | 05/06/2025 | 05/06/2025 |